000 00702nam a22002051a 4500
005 20110718133629.0
008 091005s2003 001 0 eng d
020 _c0.00
040 _aNEGST Library - Kenya
050 4 _aBS 325.T36 2003
082 0 _aBS 325.T36 2003
100 1 _aWycliffe Bible Translators.
245 1 0 _aAlenzil n-visa almasex (Kitab almuqaddas.
260 _aMiddlesex :
_bWycliffe Bible Translato,
_c2003.
300 _aviii, 568 p. : i.
500 _a"Le Nouveau Testament en Tamacheq." Includes maps on end papers. ][Africana}
600 1 0 _aBible. N.T. Tamashek. 2003.
600 1 0 _aTamashek language - Texts.
852 _94.00
999 _c41876
_d41852